00837nas a2200205 454500001000500000005001700005008003700022003001500059040004000074080005900114245002600173022001400199264004200213310019200255100002500447650002300472650001300495650001200508856011100520515920260407193504.0260407s1999####ag###########|||spa#dAR-UNSa-BCEJYS aAR-UNSa-BCEJYSbspacAR-UNSa-BCEJYS a336.76xBolsa. Mercado del dinero. Mercado del capital10aEl mercado de valores a0185-1268 1aMéxico :bNacional Financierac1999 aPeridicidad: Mensual Colección Incompleta Cambia de Dir. a partir del Nº 8/2001 por Timoteo E. Harris Howard Cambia de Dir. a partir del Nº 11/2001 por Alejandro Rodríguez Cortés 1 aMeyer Franco, Sandra aMercado financiero aMéxico aMercado41uhttps://biblioeco.unsa.edu.ar/pmb/images/revistas/El Mercado de Valores.jpgyImagen de portadaqimage/jpeg